Problem complexity and method efficiency in optimization

Αποθηκεύτηκε σε:
Λεπτομέρειες βιβλιογραφικής εγγραφής
Κύριος συγγραφέας: Nemirovskii, A. S. (Arkadii Semenovich)
Άλλοι συγγραφείς: IUdin, D. B. (David Berkovich), 1919-2006
Μορφή: Βιβλίο
Γλώσσα:English
Russian
Δημοσίευση: Chichester ; New York : Wiley, c1983.
Σειρά:Wiley-Interscience series in discrete mathematics
Θέματα:
Ετικέτες: Προσθήκη ετικέτας
Δεν υπάρχουν, Καταχωρήστε ετικέτα πρώτοι!

MARC

LEADER 00000cam a2200000 i 4500
001 1/46195
008 960307s1983 enk| ||| |||| ||eng||
020 |a 0471103454 
035 |l 10026279 
040 |a GR-MyUa  |b gre  |e AACR2 
041 1 |a eng  |a rus 
082 7 |a 519.7   |2 (19) 
100 1 |a Nemirovskii, A. S.   |q (Arkadii Semenovich) 
245 1 0 |a Problem complexity and method efficiency in optimization /   |c A.S. Nemirovsky, D.B. Yudin ; translated by E.R. Dawson. 
260 |a Chichester ;   |a New York :   |b Wiley,   |c c1983. 
300 |a xv, 388 σ. ;   |c 25 εκ. 
490 1 |a (Wiley-Interscience series in discrete mathematics) 
500 |a Τίτλος πρωτοτύπου: Slozhnostʹ zadach i éffektivnostʹ metodov optimizatsii. 
500 |a "A Wiley-Interscience publication." 
504 |a Βιβλιογραφία: σ. 380-382. Ευρετήριο. 
650 0 |a Programming (Mathematics) 
700 1 |a IUdin, D. B.   |q (David Berkovich),   |d 1919-2006. 
830 0 |a Wiley-Interscience series in discrete mathematics 
852 |a INST  |b CHIOS  |e 19960307  |h 519.7 NEM  |p 005200004647  |q 005200004647  |t BK  |y 0